Bộ điều khiển logic khả trình PLC và ứng dụng
Nội dung cuốn sách trình bày các kiến thức chung cơ bản nhất về PLC như các thành phần của PLC; tổ chức bộ nhớ và cấu trúc dữ liệu; thiết kế hệ điều khiển dùng PLC.
Sparad:
| Huvudupphovsman: | |
|---|---|
| Materialtyp: | Bok |
| Språk: | Vietnamese |
| Publicerad: |
H.
Bách khoa Hà Nội
2019
|
| Upplaga: | Tái bản lần thứ 2, có sửa chữa |
| Ämnen: | |
| Taggar: |
Lägg till en tagg
Inga taggar, Lägg till första taggen!
|
| Thư viện lưu trữ: | Thư viện Trường Đại học Nam Cần Thơ |
|---|
| LEADER | 02519nam a22003137a 4500 | ||
|---|---|---|---|
| 001 | NCT_4_013813 | ||
| 008 | 241016b xxu||||| |||| 00| 0 vie d | ||
| 999 | |c 8651 |d 8651 | ||
| 020 | |a 9786049507250 |c 83000 | ||
| 082 | 0 | 4 | |2 23rd ed. |a 629.89 |b Kh106 |
| 100 | 1 | |a Nguyễn Văn Khang | |
| 245 | 1 | 0 | |a Bộ điều khiển logic khả trình PLC và ứng dụng |c Nguyễn Văn Khang |
| 250 | |a Tái bản lần thứ 2, có sửa chữa | ||
| 260 | |a H. |b Bách khoa Hà Nội |c 2019 | ||
| 300 | |a 207 tr. |b Minh hoạ |c 24cm | ||
| 520 | 3 | |a Nội dung cuốn sách trình bày các kiến thức chung cơ bản nhất về PLC như các thành phần của PLC; tổ chức bộ nhớ và cấu trúc dữ liệu; thiết kế hệ điều khiển dùng PLC. | |
| 653 | |a Công nghệ kỹ thuật ô tô | ||
| 942 | |2 ddc |c BK | ||
| 952 | |0 0 |1 0 |2 ddc |4 0 |6 629_890000000000000_KH106 |7 0 |9 29717 |a 000001 |b 000001 |d 2024-10-21 |o 629.89 Kh106 |p MD.22909 |r 2024-10-21 |v 83000.00 |w 2024-10-21 |y BK | ||
| 952 | |0 0 |1 0 |2 ddc |4 0 |6 629_890000000000000_KH106 |7 0 |9 29718 |a 000001 |b 000001 |d 2024-10-21 |o 629.89 Kh106 |p MD.22910 |r 2024-10-21 |v 83000.00 |w 2024-10-21 |y BK | ||
| 952 | |0 0 |1 0 |2 ddc |4 0 |6 629_890000000000000_KH106 |7 0 |9 29719 |a 000001 |b 000001 |d 2024-10-21 |o 629.89 Kh106 |p MD.22911 |r 2024-10-21 |v 83000.00 |w 2024-10-21 |y BK | ||
| 952 | |0 0 |1 0 |2 ddc |4 0 |6 629_890000000000000_KH106 |7 0 |9 29720 |a 000001 |b 000001 |d 2024-10-21 |o 629.89 Kh106 |p MD.22912 |r 2024-10-21 |v 83000.00 |w 2024-10-21 |y BK | ||
| 952 | |0 0 |1 0 |2 ddc |4 0 |6 629_890000000000000_KH106 |7 0 |9 29721 |a 000001 |b 000001 |d 2024-10-21 |o 629.89 Kh106 |p MD.22913 |r 2024-10-21 |v 83000.00 |w 2024-10-21 |y BK | ||
| 952 | |0 0 |1 0 |2 ddc |4 0 |6 629_890000000000000_KH106 |7 0 |9 29722 |a 000001 |b 000001 |d 2024-10-21 |o 629.89 Kh106 |p MD.22914 |r 2024-10-21 |v 83000.00 |w 2024-10-21 |y BK | ||
| 952 | |0 0 |1 0 |2 ddc |4 0 |6 629_890000000000000_KH106 |7 0 |9 29723 |a 000001 |b 000001 |d 2024-10-21 |o 629.89 Kh106 |p MD.22915 |r 2024-10-21 |v 83000.00 |w 2024-10-21 |y BK | ||
| 952 | |0 0 |1 0 |2 ddc |4 0 |6 629_890000000000000_KH106 |7 0 |9 29724 |a 000001 |b 000001 |d 2024-10-21 |o 629.89 Kh106 |p MD.22916 |r 2024-10-21 |v 83000.00 |w 2024-10-21 |y BK | ||
| 952 | |0 0 |1 0 |2 ddc |4 0 |6 629_890000000000000_KH106 |7 0 |9 29725 |a 000001 |b 000001 |d 2024-10-21 |o 629.89 Kh106 |p MD.22917 |r 2024-10-21 |v 83000.00 |w 2024-10-21 |y BK | ||
| 952 | |0 0 |1 0 |2 ddc |4 0 |6 629_890000000000000_KH106 |7 0 |9 29726 |a 000001 |b 000001 |d 2024-10-21 |o 629.89 Kh106 |p MD.22918 |r 2024-10-21 |v 83000.00 |w 2024-10-21 |y BK | ||
| 980 | |a Thư viện Trường Đại học Nam Cần Thơ | ||


